| 000 | 00665cab a2200217 4500 | ||
|---|---|---|---|
| 001 | WB3316-09 | ||
| 008 | 090401t1997 xxu||||| |||| 00| 0 eng d | ||
| 035 | _a(Sirsi) u77873 | ||
| 041 | _aeng | ||
| 245 | 4 | _aThe property top 60 | |
| 260 | _c1997 | ||
| 350 | _a0 | ||
| 490 |
_aSunday Business _v20 April 1997,24 and 25(5) |
||
| 520 | _aA list has been produced of the top 60 property sector stocks. Looking at company performances and their directors. | ||
| 650 | _aPROPERTY-COMMERCIAL PROPERTY | ||
| 650 | _aHILLIER PARKER | ||
| 650 | _aRANKING | ||
| 690 | _aPROPERTY-COMMERCIAL PROPERTY-COMMERCIAL PROPERTY MARKET | ||
| 942 | _n0 | ||
| 948 | _c22/04/1997 | ||
| 999 |
_c48961 _d48961 |
||